000 00786nam a2200205 a 4500
003 0
005 20250528103901.0
008 021202s19uu xx 00 eng d
050 _aPGS HF 5415.33.T4
_b.L477 2001
100 _aLee, So Young.
245 _aBuying preferences and practices of a selected group of teenagers of Southville International School 2000-2001 /
_cSo Young Lee.
260 _aLas Piñas City, Philippines :
_bSouthville International School and Colleges,
_c2001.
300 _a20 pages :
_bcolored illustrations ;
_c28 cm.
504 _aIncludes bibliographical references.
650 _aTeenagers
_vConsumer behavior.
650 _aTeenagers
_vAttitudes.
650 _aPurchasing
_vSocial aspects.
650 _aConsumers’ preferences.
942 _2lcc
_cPASS
999 _c96497
_d96497